| 000 | 01185nam1a22002891i 4500 | ||
|---|---|---|---|
| 001 | v19\rc\1535917 | ||
| 005 | 20260406141405.0 | ||
| 035 | _a(NLR Aleph) 005234817 | ||
| 090 |
_a5643247 _c5643247 |
||
| 100 | _a20060620d1888 |||y0rusy50 ca | ||
| 101 | 0 | _arus | |
| 102 | _aRU | ||
| 105 | _ay z ||||| | ||
| 200 | 1 |
_aИстория Государства Российского _f[Н.М. Карамзин] _gПод ред. и с прим. И.С. Боровского. [Ч. 1]- |
|
| 210 |
_aОдесса _cЕ.П. Распопов _d1888 |
||
| 215 | _d21 | ||
| 225 | 1 | _aОбщедоступная библиотека русских писателей | |
| 532 | 1 | 3 | _aИстория Государства Российского |
| 700 | 1 |
_8rus _7ca _aКарамзин _bН. М. _f1766-1826 _gНиколай Михайлович _3RU\NLR\AUTH\773443 _9113439 |
|
| 702 | 1 |
_aБоровский _bИ.С. _f1850-1901 _gИван Сергеевич _4340 _4212 |
|
| 801 | 0 |
_aRU _bNLR _c20060620 _gpsbo |
|
| 801 | 0 |
_aRU _bRuMoRGB _c20060620 _2psbo |
|
| 801 | 1 |
_aRU _bProSoft-M _c20060620 _2rusmarc |
|
| 801 | 2 |
_aRU _bNLR _c20100212 _2rusmarc |
|
| 852 |
_aNLR _j18.210.3.4(36-38) |
||
| 942 | _cBOOK | ||